000
00256nam a22001097a 4500
082
_a
621.381535 SHE'P
100
_a
SHEIKH, ABDUL GHAFFAR
_9
75101
245
_a
PRACTICAL AMPLIFIERS GUIDE
260
_a
LAHORE
_b
HAMDARD
_c
1982
300
_a
160P
942
_c
BK
999
_c
580588
_d
580588